LEADER 01627nas 2200541-a 450 001 996198233203316 005 20230430213019.0 011 $a1687-1847 035 $a(OCoLC)59228023 035 $a(CKB)111082654853054 035 $a(CONSER)--2006242013 035 $a(MiAaPQ)237355 035 $a(DE-599)ZDB2132815-8 035 $a(EXLCZ)99111082654853054 100 $a20050421a20049999 s-- - 101 0 $aeng 135 $aurcn#|||||||| 181 $ctxt$2rdacontent 182 $cc$2rdamedia 183 $acr$2rdacarrier 200 10$aAdvances in difference equations 210 $aNew York, N.Y. $cHindawi Pub. Corp.$d2004- 215 $a1 online resource 300 $aRefereed/Peer-reviewed 311 $a1687-1839 531 $aADV. DIFFERENCE EQU 531 $aADV DIFFER EQU-NY 531 $aADV. DIFFER. EQU 531 $aADV DIFF EQU 606 $aDifference equations$vPeriodicals 606 $aMathematics$vPeriodicals 606 $aMathématiques$vPériodiques 606 $aÉquations aux différences$vPériodiques 606 $aMathematics$2fast$3(OCoLC)fst01012163 606 $aDifference equations$2fast$3(OCoLC)fst00893419 608 $aPeriodicals.$2lcgft 608 $aPeriodicals.$2fast 615 0$aDifference equations 615 0$aMathematics 615 6$aMathématiques 615 6$aÉquations aux différences 615 7$aMathematics. 615 7$aDifference equations. 712 02$aHindawi Publishing Corporation, 906 $aJOURNAL 912 $a996198233203316 996 $aAdvances in difference equations$92219331 997 $aUNISA LEADER 02346oas 2200949 a 450 001 9910145197103321 005 20260218112125.0 011 $a1938-3673 035 $a(DE-599)ZDB2026833-6 035 $a(OCoLC)48106832 035 $a(CONSER) 2008212672 035 $a(CKB)954925539169 035 $a(DE-599)2026833-6 035 $a(EXLCZ)99954925539169 100 $a20011009a19849999 sy a 101 0 $aeng 135 $aurmn||||||||| 181 $ctxt$2rdacontent 182 $cc$2rdamedia 183 $acr$2rdacarrier 200 00$aJournal of leukocyte biology 210 $aBethesda, Md. $cSociety for Leukocyte Biology 210 21$aHoboken, NJ :$cWiley on behalf of the Society for Leukocyte Biology 210 31$a[Oxford, England] :$cOxford University Press 215 $a1 online resource 311 08$a0741-5400 517 1 $aJLB 517 1 $aSLB-JLB 606 $aLeucocytes$vPeriodicals 606 $aReticulo-endothelial system$vPeriodicals 606 $aLeukocytes 606 $aLeucocytes$2fast$3(OCoLC)fst00996872 606 $aReticulo-endothelial system$2fast$3(OCoLC)fst01096182 608 $aPeriodical. 608 $aPeriodicals.$2fast 608 $aPeriodicals.$2lcgft 615 0$aLeucocytes 615 0$aReticulo-endothelial system 615 2$aLeukocytes. 615 7$aLeucocytes. 615 7$aReticulo-endothelial system. 676 $a599/.01/13 712 02$aSociety for Leukocyte Biology, 712 02$aOxford University Press, 801 0$bDLM 801 1$bDLM 801 2$bEYM 801 2$bOCLCQ 801 2$bMXC 801 2$bNSD 801 2$bOCLCQ 801 2$bNUI 801 2$bOCLCQ 801 2$bOCLCF 801 2$bVT2 801 2$bOCLCQ 801 2$bGUA 801 2$bCUS 801 2$bSCB 801 2$bOCLCO 801 2$bBUF 801 2$bNLM 801 2$bLND 801 2$bAPAHS 801 2$bEUM 801 2$bCUS 801 2$bOCLCO 801 2$bUKMGB 801 2$bOCLCA 801 2$bHUELT 801 2$bOCLCQ 801 2$bAUD 801 2$bUBY 801 2$bOCLCO 801 2$bOCLCQ 801 2$bDLC 801 2$bOCLCL 801 2$bOCLCQ 906 $aJOURNAL 912 $a9910145197103321 996 $aJournal of leukocyte biology$94439817 997 $aUNINA